[Event "?"]
[Site "?"]
[Date "2011.06.02"]
[Round "2.13"]
[White "Bried, Martin"]
[Black "Häfele, Torsten"]
[Result "1/2-1/2"]
[WhiteElo "1798"]
[BlackElo "1574"]
[PlyCount "80"]
[EventDate "2011.??.??"]

1. c4 f5 2. Nc3 Nf6 3. d4 d6 4. Nf3 g6 5. e3 Bg7 6. Be2 O-O 7. h4 h6 8. Bd2 Nc6
9. Qc1 Ne4 10. a3 Nxd2 11. Nxd2 f4 12. Nf3 fxe3 13. fxe3 e5 14. d5 Ne7 15. e4
Bg4 16. Qe3 Qd7 17. O-O a6 18. b4 c6 19. Rac1 cxd5 20. Nxd5 Nxd5 21. cxd5 Bxf3
22. Bxf3 Rac8 23. Qb6 Bf6 24. Qe3 Kg7 25. g3 Rxc1 26. Rxc1 Rc8 27. Kg2 Rxc1 28.
Qxc1 Bd8 29. Qc2 Qc7 30. Qxc7+ Bxc7 31. Bg4 a5 32. Bc8 b6 33. bxa5 bxa5 34. a4
Kf6 35. Kf3 g5 36. Kg4 gxh4 37. Kxh4 Bb6 38. g4 Be3 39. Kg3 Bd4 40. Kf3 Ke7
1/2-1/2

[Event "?"]
[Site "?"]
[Date "2011.06.02"]
[Round "2.14"]
[White "Zaytsev, Evgeny"]
[Black "Tansek, Branko"]
[Result "1/2-1/2"]
[WhiteElo "1791"]
[BlackElo "1560"]
[PlyCount "87"]
[EventDate "2011.??.??"]

1. e4 c5 2. Nf3 Nc6 3. Nc3 d6 4. d4 cxd4 5. Nxd4 Nf6 6. Bg5 a6 7. Qd2 h6 8. Bh4
e6 9. Nxc6 bxc6 10. e5 dxe5 11. Qxd8+ Kxd8 12. Bd3 g5 13. Bg3 Bd6 14. O-O Ke7
15. Rfe1 Nd7 16. a3 f5 17. h3 f4 18. Bh2 Nf6 19. Ne4 Nxe4 20. Bxe4 Bb7 21. b4
Rab8 22. f3 c5 23. c3 Rhc8 24. Kh1 Bd5 25. Bg1 cxb4 26. cxb4 Rb7 27. Kh2 Rbc7
28. Red1 Bxe4 29. fxe4 Rc4 30. Re1 Rc2 31. Kh1 Rb2 32. Rec1 Rbc2 33. Re1 R8c4
34. Rab1 R4c3 35. a4 f3 36. gxf3 Rxf3 37. Re3 Rxe3 38. Bxe3 Rc4 39. b5 axb5 40.
axb5 Rb4 41. Rxb4 Bxb4 42. Kg2 Kd6 43. Kf3 Bc5 44. Bd2 1/2-1/2

[Event "?"]
[Site "?"]
[Date "2011.06.02"]
[Round "2.15"]
[White "Schmidt, Tobias"]
[Black "Bauer, Dieter"]
[Result "1-0"]
[WhiteElo "1580"]
[BlackElo "1789"]
[PlyCount "73"]
[EventDate "2011.??.??"]

1. e4 g6 2. d4 c6 3. Be3 Bg7 4. Nc3 b5 5. Qd2 b4 6. Nce2 Nf6 7. f3 a5 8. Bh6
Bxh6 9. Qxh6 Qb6 10. g4 d6 11. h4 Na6 12. h5 Be6 13. Nh3 O-O-O 14. Ng5 Nc7 15.
hxg6 hxg6 16. Qxh8 Rxh8 17. Rxh8+ Kb7 18. O-O-O a4 19. Kb1 b3 20. cxb3 axb3 21.
a3 Qa5 22. Nxe6 Nxe6 23. Rh1 Nc7 24. Nc3 Nb5 25. Nxb5 cxb5 26. Be2 Qa4 27. Rd3
b4 28. Bd1 Qc6 29. Rxb3 Nxe4 30. Rxb4+ Kc7 31. Rh2 Nc5 32. dxc5 dxc5 33. Rc2
Qd6 34. Be2 Kd7 35. Rbc4 Qd3 36. Bxd3 g5 37. Rxc5 1-0

[Event "?"]
[Site "?"]
[Date "2011.06.02"]
[Round "2.16"]
[White "Pfeilsticker, Thorsten"]
[Black "Ruff, Robert"]
[Result "0-1"]
[WhiteElo "1595"]
[BlackElo "1785"]
[PlyCount "64"]
[EventDate "2011.??.??"]

1. d4 d5 2. Nf3 Nf6 3. e3 c5 4. c3 Nc6 5. Bd3 Bg4 6. Qa4 c4 7. Be2 Qc7 8. Ne5
Bxe2 9. Kxe2 e6 10. Nd2 Bd6 11. Nef3 O-O 12. Qc2 b5 13. e4 e5 14. exd5 Nxd5 15.
Nf1 Nf4+ 16. Bxf4 exf4 17. Re1 b4 18. Ng5 g6 19. Ne4 Rfe8 20. Kd2 Qe7 21. Qd1
bxc3+ 22. bxc3 f5 23. Nxd6 Qxd6 24. Qa4 Qd5 25. f3 Re6 26. h3 Rae8 27. Nh2 Re3
28. Rxe3 fxe3+ 29. Ke2 Rb8 30. Qc2 Qd6 31. Qc1 Qg3 32. Qf1 f4 0-1

[Event "?"]
[Site "?"]
[Date "2011.06.02"]
[Round "2.17"]
[White "Sigmund, Wolfgang"]
[Black "Büchele, Markus"]
[Result "0-1"]
[WhiteElo "1586"]
[BlackElo "1783"]
[PlyCount "42"]
[EventDate "2011.??.??"]

1. d4 Nf6 2. Nf3 e6 3. Bg5 Be7 4. e3 d5 5. Bd3 h6 6. Bh4 O-O 7. O-O Nbd7 8. c4
c5 9. Nc3 cxd4 10. exd4 dxc4 11. Bxc4 Nb6 12. Bb3 Re8 13. Re1 Nbd5 14. Rc1 b6
15. Nxd5 Nxd5 16. Bg3 Bb7 17. Qd3 Nb4 18. Qe3 Bxf3 19. gxf3 Bg5 20. Bf4 Bxf4
21. Qxf4 Nd3 0-1

[Event "?"]
[Site "?"]
[Date "2011.06.02"]
[Round "2.18"]
[White "Sibahn, Mirko"]
[Black "Haro, Niel"]
[Result "0-1"]
[WhiteElo "1779"]
[BlackElo "1519"]
[PlyCount "66"]
[EventDate "2011.??.??"]

1. e4 c5 2. Nf3 Nc6 3. d4 cxd4 4. Nxd4 Nf6 5. Nc3 e6 6. Bf4 a6 7. e5 Ng8 8. Nf3
Bb4 9. Qd3 Nge7 10. a3 Ba5 11. b4 Bb6 12. Ne4 Bc7 13. c4 h6 14. Nd6+ Bxd6 15.
exd6 Ng6 16. Bd2 Qf6 17. Bc3 e5 18. c5 O-O 19. Qc2 b5 20. Bd3 Nf4 21. O-O Bb7
22. Be4 Rae8 23. Rfe1 Ne6 24. Nxe5 Qd8 25. Nxc6 Bxc6 26. Bxc6 dxc6 27. Qe4 Qd7
28. Qg4 f5 29. Qg6 Nf4 30. Qg3 Ne2+ 31. Rxe2 Rxe2 32. Kf1 Rfe8 33. f4 R2e3 0-1

[Event "?"]
[Site "?"]
[Date "2011.06.02"]
[Round "2.19"]
[White "Hartmann, Christian"]
[Black "Tölg, Wolfgang"]
[Result "0-1"]
[WhiteElo "1500"]
[BlackElo "1776"]
[PlyCount "42"]
[EventDate "2011.??.??"]

1. e4 e5 2. Nf3 Nc6 3. Bb5 a6 4. Ba4 Bc5 5. O-O b5 6. Bb3 Nf6 7. c3 d6 8. d4
Bb6 9. Bg5 h6 10. Bxf6 Qxf6 11. d5 Ne7 12. h3 g5 13. Nh2 h5 14. Qf3 Qg6 15. g4
hxg4 16. Nxg4 Bxg4 17. hxg4 Qh7 18. Qg2 Ng6 19. Rd1 Nf4 20. Qf3 Qh2+ 21. Kf1
Qh1+ 0-1

[Event "?"]
[Site "?"]
[Date "2011.06.02"]
[Round "2.20"]
[White "Uhlarz, Jörg"]
[Black "Sazonovs, Sergejs"]
[Result "1/2-1/2"]
[WhiteElo "1775"]
[BlackElo "1480"]
[PlyCount "86"]
[EventDate "2011.??.??"]

1. d4 d5 2. c4 e6 3. Nc3 Nf6 4. Nf3 Nbd7 5. g3 Be7 6. Bg2 c6 7. cxd5 cxd5 8.
O-O a6 9. b3 b5 10. Bb2 Nb6 11. e3 Bb7 12. Ne5 O-O 13. Rc1 Rc8 14. Qd3 Bd6 15.
f4 Qe7 16. Nb1 Ne4 17. Bh3 f5 18. Qe2 Nd7 19. Nd3 Kh8 20. b4 Bxb4 21. Nxb4 Qxb4
22. Ba3 Qa5 23. Bxf8 Nxf8 24. Rxc8 Bxc8 25. Rc1 Nd6 26. Rc5 Bb7 27. g4 Nd7 28.
gxf5 Nxc5 29. dxc5 Nxf5 30. Bxf5 exf5 31. Kf2 Bc6 32. Qb2 Qd8 33. Kg3 Qe8 34.
Qe5 Qg6+ 35. Kf2 h5 36. Nd2 d4 37. exd4 Qg2+ 38. Ke1 Qxh2 39. Qxf5 Qh1+ 40. Ke2
Qg2+ 41. Kd3 Qh1 42. Qc8+ Kh7 43. Qf5+ Kh8 1/2-1/2

[Event "?"]
[Site "?"]
[Date "2011.06.02"]
[Round "2.21"]
[White "Rausch, Adrian"]
[Black "Florio, Antonio"]
[Result "1-0"]
[WhiteElo "1469"]
[BlackElo "1771"]
[PlyCount "49"]
[EventDate "2011.??.??"]

1. d4 Nf6 2. c4 e6 3. Nf3 b6 4. g3 Bb7 5. Bg2 Be7 6. O-O O-O 7. Nc3 d6 8. Re1
Ne4 9. Nxe4 Bxe4 10. Nd2 Bxg2 11. Kxg2 f5 12. Nf3 d5 13. h4 dxc4 14. Bg5 Bxg5
15. hxg5 Nc6 16. Rh1 g6 17. Rh6 Qd5 18. Qh1 Rf7 19. Qh4 Qe4 20. Qxe4 fxe4 21.
Nd2 Nxd4 22. Nxe4 Nxe2 23. Nf6+ Rxf6 24. gxf6 Rf8 25. Rd1 1-0

[Event "?"]
[Site "?"]
[Date "2011.06.02"]
[Round "2.22"]
[White "Muench, Werner"]
[Black "Notz, Lukas"]
[Result "1/2-1/2"]
[WhiteElo "1884"]
[BlackElo "1445"]
[PlyCount "32"]
[EventDate "2011.??.??"]

1. d4 c6 2. c4 d5 3. Nf3 Nf6 4. g3 Bg4 5. Bg2 e6 6. O-O Nbd7 7. cxd5 cxd5 8.
Nc3 a6 9. Bf4 Be7 10. Rc1 Nh5 11. Qd2 Nxf4 12. gxf4 Bxf3 13. Bxf3 g5 14. f5 g4
15. Bg2 Bd6 16. Qh6 Qf6 1/2-1/2

[Event "?"]
[Site "?"]
[Date "2011.06.02"]
[Round "2.23"]
[White "Michna, Marcus"]
[Black "Awiszus, Thomas"]
[Result "1-0"]
[WhiteElo "1869"]
[BlackElo "1613"]
[PlyCount "63"]
[EventDate "2011.??.??"]

1. d4 Nf6 2. c4 e6 3. Nc3 Bb4 4. f3 d5 5. a3 Bxc3+ 6. bxc3 c5 7. e3 O-O 8. Qd2
Qc7 9. cxd5 exd5 10. Bd3 Re8 11. Ne2 Nc6 12. O-O Bd7 13. Ng3 Na5 14. Qd1 b5 15.
e4 Bc6 16. e5 Nd7 17. f4 Nc4 18. Qh5 Nf8 19. f5 g6 20. fxg6 fxg6 21. Qg5 Qg7
22. Rf6 Bd7 23. Qh4 cxd4 24. cxd4 Re6 25. Bh6 Qh8 26. Raf1 Rxf6 27. Rxf6 Re8
28. Rxf8+ Rxf8 29. Bxf8 Kxf8 30. Qd8+ Be8 31. Qxd5 Qg7 32. Bxc4 1-0

[Event "?"]
[Site "?"]
[Date "2011.06.02"]
[Round "2.24"]
[White "Pocrnic, Josip"]
[Black "Steimbach, Isabel"]
[Result "1/2-1/2"]
[WhiteElo "1824"]
[BlackElo "1556"]
[PlyCount "58"]
[EventDate "2011.??.??"]

1. e4 e5 2. Nf3 d6 3. d4 exd4 4. Nxd4 Nf6 5. Nc3 Be7 6. Bg5 O-O 7. f3 h6 8. Bh4
Nbd7 9. Qd2 a6 10. Bf2 Re8 11. Be2 c6 12. Nf5 Ne5 13. g4 Nh7 14. Nxe7+ Qxe7 15.
O-O-O Rd8 16. Rhg1 Be6 17. Bg3 Ng5 18. Rgf1 Nc4 19. Bxc4 Bxc4 20. Rf2 d5 21.
exd5 Bxd5 22. Nxd5 Rxd5 23. Qe1 Rxd1+ 24. Qxd1 Rd8 25. Qf1 Qe3+ 26. Kb1 Nh3 27.
Rg2 Qd4 28. c3 Qd1+ 29. Qxd1 Rxd1+ 1/2-1/2

[Event "?"]
[Site "?"]
[Date "2011.06.02"]
[Round "2.25"]
[White "Aab, Manfred"]
[Black "Maisch, Johannes"]
[Result "1/2-1/2"]
[WhiteElo "1809"]
[BlackElo "1306"]
[PlyCount "42"]
[EventDate "2011.??.??"]

1. d4 d5 2. e4 e6 3. Nc3 c5 4. dxc5 Bxc5 5. exd5 exd5 6. Qxd5 Qb6 7. Bb5+ Bd7
8. Bxd7+ Nxd7 9. Nh3 Ngf6 10. Qg5 O-O 11. O-O Rfe8 12. Na4 Qc6 13. Nxc5 Qxc5
14. c3 Qxg5 15. Nxg5 Re2 16. Nf3 Rae8 17. Nd4 R2e7 18. h3 Nc5 19. Be3 a6 20. b3
Nce4 21. c4 Ng3 1/2-1/2

[Event "?"]
[Site "?"]
[Date "2011.06.02"]
[Round "2.26"]
[White "Samietz, Jannick"]
[Black "Werner, Stefan"]
[Result "0-1"]
[WhiteElo "1581"]
[BlackElo "1707"]
[PlyCount "160"]
[EventDate "2011.??.??"]

1. Nf3 d5 2. c4 c6 3. d4 e6 4. Bf4 Bb4+ 5. Bd2 Bxd2+ 6. Nbxd2 Nf6 7. e3 Nbd7 8.
Bd3 O-O 9. O-O dxc4 10. Nxc4 b5 11. Nce5 Bb7 12. Qc2 Rc8 13. Nxd7 Qxd7 14. Ne5
Qd6 15. Qc5 Qxc5 16. dxc5 a5 17. a3 a4 18. f4 Rfd8 19. Rad1 Nd5 20. Rf3 f6 21.
Ng4 Rc7 22. Rh3 h6 23. Rg3 Kf8 24. Bh7 Rcd7 25. f5 e5 26. Nf2 Ne7 27. Rxd7 Rxd7
28. e4 Rd2 29. Nd3 Bc8 30. Kf1 Bd7 31. Ke1 Rc2 32. Kd1 Rc4 33. Re3 Be8 34. Ke2
Bh5+ 35. Kd2 Bf7 36. g4 g5 37. fxg6 Nxg6 38. h3 Kg7 39. Bxg6 Bxg6 40. Nf2 Rxc5
41. Rc3 Rxc3 42. Kxc3 c5 43. b3 axb3 44. Kxb3 Kf7 45. a4 bxa4+ 46. Kxa4 Ke7 47.
Kb3 Kd6 48. Kc3 Kc6 49. Kc4 Bf7+ 50. Kc3 Kb5 51. h4 Be6 52. g5 fxg5 53. hxg5
hxg5 54. Nd3 g4 55. Nxe5 g3 56. Nf3 g2 57. e5 Bg4 58. Ng1 Kc6 59. Kc4 Be6+ 60.
Kd3 Kd5 61. Ke2 Kxe5 62. Kf2 Bd5 63. Ne2 Be4 64. Ke1 Bf3 65. Ng1 Bg4 66. Kf2
Kd4 67. Kxg2 c4 68. Kg3 Bd1 69. Kf2 Kd3 70. Ke1 Bg4 71. Kf2 c3 72. Kg3 Bd1 73.
Kf2 c2 74. Ke1 c1=Q 75. Nh3 Bg4+ 76. Kf2 Bxh3 77. Kg3 Qg5+ 78. Kxh3 Ke3 79. Kh2
Kf2 80. Kh1 Qg2# 0-1

[Event "?"]
[Site "?"]
[Date "2011.06.02"]
[Round "2.27"]
[White "Martin, Richard"]
[Black "Gorb, Eugeniusz"]
[Result "1-0"]
[WhiteElo "1686"]
[BlackElo "1592"]
[PlyCount "83"]
[EventDate "2011.??.??"]

1. e4 e6 2. d4 d5 3. e5 c5 4. c3 Bd7 5. Nf3 Nc6 6. a3 Qb6 7. Be2 cxd4 8. cxd4
Nge7 9. b4 Nf5 10. Bb2 Rc8 11. g4 Nfe7 12. Nc3 a6 13. Rb1 Ng6 14. Qd2 Be7 15.
h4 h5 16. g5 Nxb4 17. axb4 Bxb4 18. O-O a5 19. Rfc1 Qa7 20. Qd1 O-O 21. Na2 Be7
22. Nh2 Nxh4 23. Bxh5 Bxg5 24. Rxc8 Rxc8 25. Qg4 Be7 26. Kh1 b5 27. Rg1 Nf5 28.
Qg2 Rc2 29. Ng4 g5 30. Nf6+ Kf8 31. Qxg5 Bb4 32. Qg8+ Ke7 33. Qxf7+ Kd8 34.
Rg8+ Kc7 35. Qxd7+ Kb6 36. Qxe6+ Rc6 37. Nxd5+ Kb7 38. Qxf5 Ka6 39. Naxb4+ axb4
40. Nxb4+ Kb6 41. Nxc6 Kxc6 42. e6 1-0

[Event "?"]
[Site "?"]
[Date "2011.06.02"]
[Round "2.28"]
[White "Divkovic, Mario"]
[Black "Hamm, Julian"]
[Result "1-0"]
[WhiteElo "1378"]
[BlackElo "1684"]
[PlyCount "55"]
[EventDate "2011.??.??"]

1. d4 Nf6 2. Nf3 d5 3. c4 e6 4. Nc3 Bb4 5. Qa4+ Nc6 6. Ne5 Bxc3+ 7. bxc3 Bd7 8.
Nxd7 Qxd7 9. c5 O-O 10. e3 Ne7 11. Qc2 c6 12. Bd3 Qc7 13. O-O Ng6 14. Rb1 Ng4
15. g3 f5 16. Qb3 Rf7 17. c4 Raf8 18. cxd5 exd5 19. Qc2 Ne7 20. Rb3 g5 21. Bd2
f4 22. exf4 gxf4 23. Bxf4 Rxf4 24. gxf4 Nxh2 25. Bxh7+ Kh8 26. Kxh2 Rxf4 27.
Kg2 Rxd4 28. Rh1 1-0

[Event "?"]
[Site "?"]
[Date "2011.06.02"]
[Round "2.30"]
[White "Wurm, Frank"]
[Black "Pelezki, Jurij"]
[Result "1/2-1/2"]
[WhiteElo "1614"]
[BlackElo "1822"]
[PlyCount "126"]
[EventDate "2011.??.??"]

1. e4 c5 2. Nf3 Nc6 3. Bb5 Nd4 4. Nxd4 cxd4 5. O-O g6 6. c3 Bg7 7. Ba4 Nf6 8.
Re1 Qb6 9. Bb3 e5 10. d3 O-O 11. c4 d6 12. h3 Be6 13. Qf3 Nd7 14. Bc2 f5 15.
Qg3 Qb4 16. f3 Rf7 17. b3 Raf8 18. Bd2 Qb6 19. Kh1 Nf6 20. exf5 gxf5 21. Qh4 f4
22. Bxf4 Nd7 23. Bh6 Bxh6 24. Qxh6 Rf6 25. Qh4 Rg6 26. Nd2 Rf4 27. Qf2 Qd8 28.
Ne4 Qf8 29. Rg1 d5 30. Nd2 Qh6 31. Qf1 Rg3 32. Kh2 Qh4 33. Qf2 Rg7 34. Qxh4
Rxh4 35. Rae1 Kf7 36. g4 Ke7 37. cxd5 Bxd5 38. f4 Kd6 39. fxe5+ Nxe5 40. Kg3
Rh6 41. Ne4+ Kc6 42. Rgf1 Re6 43. Rf6 Rge7 44. Rxe6+ Bxe6 45. Rf1 Bd5 46. Rf6+
Kb5 47. Rd6 Rd7 48. Rxd7 Nxd7 49. Kf4 Kb4 50. Kf5 Bxe4+ 51. Kxe4 Kc3 52. Bd1
Nc5+ 53. Kf5 Kxd3 54. g5 Kd2 55. Bg4 Ke3 56. h4 Ne4 57. h5 Nd6+ 58. Ke5 Ne8 59.
Bf5 Ng7 60. Bg4 d3 61. Kf6 Kf4 62. g6 hxg6 63. h6 Kxg4 1/2-1/2

[Event "?"]
[Site "?"]
[Date "2011.06.02"]
[Round "2.31"]
[White "Drapchin, Marc"]
[Black "Steinmassl, Guido"]
[Result "1-0"]
[WhiteElo "1820"]
[BlackElo "1615"]
[PlyCount "81"]
[EventDate "2011.??.??"]

1. e4 d5 2. exd5 Qxd5 3. Nc3 Qa5 4. d4 c6 5. Nf3 Bg4 6. Be2 e6 7. O-O Be7 8.
Ne5 Bxe2 9. Qxe2 Nf6 10. Nc4 Qd8 11. Rd1 O-O 12. a3 Na6 13. Ne4 Nd5 14. Ne5 f6
15. Nxc6 bxc6 16. Qxa6 Qc7 17. c3 e5 18. dxe5 fxe5 19. Qc4 Rad8 20. Ng5 Rf6 21.
Ne4 Rf7 22. Bg5 Qb6 23. Bxe7 Rxe7 24. Rab1 Rf8 25. Rf1 Ref7 26. Qc5 Qd8 27. Ng3
Qg5 28. Rbe1 h5 29. c4 Nf4 30. Rxe5 Qg6 31. Rg5 Qc2 32. Qe3 h4 33. Ne4 Rd8 34.
Re5 Rd1 35. Re8+ Rf8 36. Rxf8+ Kh7 37. Nd2 Rxf1+ 38. Kxf1 Nd3 39. Qe4+ Kh6 40.
Qxh4+ Kg6 41. Qg4+ 1-0

[Event "?"]
[Site "?"]
[Date "2011.06.02"]
[Round "2.32"]
[White "Schmidt, Armin"]
[Black "Weigel, Curt"]
[Result "1/2-1/2"]
[WhiteElo "1578"]
[BlackElo "1810"]
[PlyCount "107"]
[EventDate "2011.??.??"]

1. e4 e6 2. d4 d5 3. Nc3 Nf6 4. e5 Nfd7 5. a3 c5 6. Be3 cxd4 7. Bxd4 Nc6 8. Nf3
Nxd4 9. Qxd4 Bc5 10. Qd2 a6 11. Bd3 f6 12. exf6 Qxf6 13. O-O h6 14. Rfe1 O-O
15. Rab1 Bd6 16. Ne2 Ne5 17. Ned4 Bd7 18. Nxe5 Bxe5 19. c3 Bd6 20. Re2 e5 21.
Nb3 Qh4 22. Bc2 Be6 23. h3 b6 24. Rf1 Ra7 25. Nd4 Qf6 26. Nxe6 Qxe6 27. Bb3 Kh8
28. Bxd5 Qf6 29. Re3 Qg5 30. Qd3 Bc5 31. Rg3 Rxf2 32. Rxf2 Qc1+ 33. Qf1 Bxf2+
34. Kxf2 Qd2+ 35. Kg1 Qxd5 36. Qf8+ Kh7 37. Qf5+ Kg8 38. Rd3 Qc5+ 39. Kh1 Qe7
40. Re3 Rd7 41. Qxe5 Qxe5 42. Rxe5 Rd2 43. b4 Kf7 44. c4 Rc2 45. Re4 Ra2 46. c5
bxc5 47. bxc5 Rxa3 48. Rc4 Ke7 49. c6 Kd8 50. c7+ Kc8 51. Rc6 a5 52. Kh2 Rb3
53. Ra6 Rb5 54. Ra7 1/2-1/2

[Event "?"]
[Site "?"]
[Date "2011.06.02"]
[Round "2.33"]
[White "Stoll, Katja"]
[Black "Reichardt, Bernd"]
[Result "1/2-1/2"]
[WhiteElo "1564"]
[BlackElo "1803"]
[PlyCount "87"]
[EventDate "2011.??.??"]

1. e4 e6 2. d4 d5 3. exd5 exd5 4. Nf3 Bd6 5. Bd3 Ne7 6. O-O Bg4 7. h3 Bh5 8.
Be3 Nbc6 9. Be2 Qd7 10. c3 O-O-O 11. b4 Nf5 12. Bd2 Bxf3 13. Bxf3 Nce7 14. a4
Nh4 15. Be2 f5 16. Bg5 Nhg6 17. Na3 h6 18. Bxe7 Nxe7 19. b5 g5 20. a5 Bxa3 21.
Rxa3 Qd6 22. Qb3 h5 23. Rb1 g4 24. h4 f4 25. b6 cxb6 26. axb6 axb6 27. Qxb6
Qxb6 28. Rxb6 Nc6 29. Ba6 Kc7 30. Rxb7+ Kd6 31. Bb5 Rb8 32. Bxc6 Kxc6 33. Rxb8
Rxb8 34. Kf1 f3 35. gxf3 gxf3 36. Ke1 Re8+ 37. Kf1 Re4 38. Ra6+ Kb5 39. Rf6
Rxh4 40. Rxf3 Kc4 41. Kg2 Re4 42. Kf1 h4 43. Rh3 Rf4 44. Ke2 1/2-1/2

[Event "?"]
[Site "?"]
[Date "2011.06.02"]
[Round "2.34"]
[White "Mayer, Dietmar"]
[Black "Zeitler, Waldemar"]
[Result "0-1"]
[WhiteElo "1785"]
[BlackElo "1585"]
[PlyCount "105"]
[EventDate "2011.??.??"]

1. d4 e6 2. Nf3 d5 3. Bf4 Nc6 4. e3 a6 5. c4 Nf6 6. Nc3 h6 7. Ne5 Bb4 8. Bd3
Bxc3+ 9. bxc3 Bd7 10. O-O g5 11. Nxc6 Bxc6 12. Be5 Rf8 13. f3 Qe7 14. e4 dxc4
15. Bxc4 O-O-O 16. Rb1 Ne8 17. Qb3 b5 18. Be2 f6 19. Bg3 Nd6 20. c4 e5 21. d5
bxc4 22. Qb8+ Kd7 23. dxc6+ Kxc6 24. Qb4 Kd7 25. Rfd1 Ke8 26. Bxc4 Nxc4 27.
Qxc4 Rf7 28. Rxd8+ Qxd8 29. Qe6+ Kf8 30. Qxa6 Rd7 31. Qa3+ Kg7 32. Qc1 Rd2 33.
a4 Qd4+ 34. Kh1 c5 35. a5 Ra2 36. Qd1 Rd2 37. Qe1 c4 38. a6 c3 39. Rc1 c2 40.
a7 Rd1 41. a8=Q Rxc1 42. Qa7+ Kg6 43. Qxc1 Qxa7 44. Be1 Qa2 45. Kg1 Qc4 46. Bd2
Qd3 47. Qe1 h5 48. Kf2 Qb3 49. Bc1 Qd3 50. Qe3 Qd1 51. Qd2 h4 52. h3 Kh5 53.
Ke3 {Rest unleserlich/unvollstaendig} 0-1

[Event "?"]
[Site "?"]
[Date "2011.06.02"]
[Round "2.35"]
[White "Hahn, Martin"]
[Black "Kuhn, Magnus"]
[Result "0-1"]
[WhiteElo "1783"]
[BlackElo "1579"]
[PlyCount "100"]
[EventDate "2011.??.??"]

1. e4 e5 2. Nf3 Nc6 3. Nc3 Nf6 4. Be2 d5 5. exd5 Nxd5 6. O-O Be6 7. d4 exd4 8.
Nxd4 Nxc3 9. bxc3 Bd6 10. Nxe6 fxe6 11. Bh5+ g6 12. Bg4 e5 13. Rb1 Rb8 14. Be6
Qe7 15. Bd5 Nd8 16. a4 c6 17. Bc4 Nf7 18. Bxf7+ Kxf7 19. Bh6 Rhe8 20. Qd2 Kg8
21. Bg5 Qc7 22. Qe3 b6 23. Rbd1 Be7 24. Bh6 Bc5 25. Qh3 Rb7 26. Rd2 Qc8 27. Qd3
e4 28. Qe2 Qe6 29. Be3 Bxe3 30. Qxe3 Rd7 31. Rfd1 Red8 32. h3 Rxd2 33. Rxd2
Rxd2 34. Qxd2 Qd5 35. Qd4 Qxd4 36. cxd4 b5 37. a5 Kf7 38. Kf1 Ke6 39. Ke2 Kd5
40. Ke3 Kc4 41. Kxe4 Kc3 42. Ke5 Kxc2 43. Kd6 b4 44. Kxc6 b3 45. d5 b2 46. d6
b1=Q 47. d7 Qd1 48. Kc7 Qd5 49. a6 Qa5+ 50. Kb8 Qd8+ 0-1

[Event "?"]
[Site "?"]
[Date "2011.06.02"]
[Round "2.36"]
[White "Wohlfahrt, Michael"]
[Black "Fischer, Mark"]
[Result "1-0"]
[WhiteElo "1761"]
[BlackElo "1552"]
[PlyCount "123"]
[EventDate "2011.??.??"]

1. e4 e6 2. Qe2 c5 3. Nf3 Nc6 4. c3 Nf6 5. g3 d5 6. e5 Nd7 7. d4 Be7 8. Bg2 O-O
9. O-O Qc7 10. Rd1 Re8 11. Bf4 Nf8 12. Na3 a6 13. Nc2 Bd7 14. h4 Ng6 15. Be3
cxd4 16. cxd4 f6 17. h5 Nf8 18. Bf4 fxe5 19. Bxe5 Nxe5 20. dxe5 Bb5 21. Qd2 Nd7
22. Re1 Qb6 23. Nfd4 Rf8 24. b4 Bc4 25. Bh3 Nb8 26. Bxe6+ Kh8 27. a3 Nc6 28.
Kg2 Nxd4 29. Nxd4 a5 30. bxa5 Qxa5 31. Qxa5 Rxa5 32. a4 Bb4 33. Red1 Bc5 34. f4
Rfa8 35. Bd7 Bxd4 36. Rxd4 b5 37. e6 bxa4 38. e7 Bb5 39. Bxb5 Rxb5 40. Re1 Re8
41. Rxa4 Kg8 42. Ra7 Kf7 43. Rd7 Rb2+ 44. Kh3 Rd2 45. Kg4 Rd3 46. Kh4 h6 47.
Re5 Rd4 48. Kg4 Ra4 49. Kf5 Ra1 50. g4 Rg1 51. Rexd5 Rxe7 52. Rxe7+ Kxe7 53.
Ra5 Kf7 54. Ra7+ Kf8 55. g5 Rh1 56. Kg6 hxg5 57. fxg5 Rb1 58. Ra8+ Ke7 59. Kxg7
Rb5 60. Kh6 Rb6+ 61. g6 Rb5 62. g7 1-0

[Event "?"]
[Site "?"]
[Date "2011.06.02"]
[Round "2.37"]
[White "Srokovskiy, Andrea"]
[Black "Kruck, Mathias"]
[Result "1-0"]
[WhiteElo "1749"]
[BlackElo "1545"]
[PlyCount "51"]
[EventDate "2011.??.??"]

1. d4 d5 2. Nf3 Nf6 3. e3 e6 4. Bd3 Nbd7 5. Nbd2 c5 6. b3 b6 7. Bb2 Bb7 8. O-O
g6 9. Ne5 Bg7 10. f4 Rc8 11. Ndf3 O-O 12. Qe2 Ne8 13. Bb5 Nxe5 14. fxe5 Nc7 15.
Bd3 c4 16. bxc4 dxc4 17. Bxc4 Nd5 18. Ba3 Re8 19. Bd3 Nc3 20. Qd2 Ne4 21. Bxe4
Bxe4 22. Rac1 Qd5 23. Ng5 Rc7 24. Qf2 f5 25. exf6 Qf5 26. f7+ 1-0

[Event "?"]
[Site "?"]
[Date "2011.06.02"]
[Round "2.38"]
[White "Schmitz, Harald"]
[Black "Weis, Olga"]
[Result "1-0"]
[WhiteElo "1739"]
[BlackElo "1541"]
[PlyCount "39"]
[EventDate "2011.??.??"]

1. e4 c6 2. d4 d5 3. e5 Bf5 4. Bd3 Bxd3 5. Qxd3 e6 6. Nf3 Qb6 7. O-O c5 8. c3
Nc6 9. Be3 Qxb2 10. Nbd2 c4 11. Rfb1 Qa3 12. Qc2 b6 13. Rb5 Nge7 14. Nb1 Qa6
15. a4 Nf5 16. Bf4 Be7 17. Nbd2 O-O 18. Bg5 Bxg5 19. Nxg5 Nfxd4 20. Qxh7# 1-0

[Event "?"]
[Site "?"]
[Date "2011.06.02"]
[Round "2.39"]
[White "Gampper, Steffen"]
[Black "Körber, Christian"]
[Result "1-0"]
[WhiteElo "1534"]
[BlackElo "1728"]
[PlyCount "63"]
[EventDate "2011.??.??"]

1. e4 d5 2. exd5 Qxd5 3. Nc3 Qa5 4. d4 Nf6 5. Bd2 c6 6. Bc4 Bf5 7. Qe2 e6 8. d5
cxd5 9. Nxd5 Qc5 10. Bb4 Qc8 11. Nxf6+ gxf6 12. Bxf8 Kxf8 13. O-O-O Nc6 14. Nf3
Bg4 15. h3 Bh5 16. g4 Bg6 17. Nh4 Ne5 18. Bb3 Qc6 19. f4 Be4 20. Rhf1 Ng6 21.
Nxg6+ hxg6 22. Rd4 f5 23. gxf5 gxf5 24. Qe3 Bg2 25. Qe5 Rxh3 26. Rc4 Qb6 27.
Re1 Be4 28. Rd4 Ke7 29. Rc4 Bc6 30. c3 f6 31. Qxe6+ Kd8 32. Qxf6+ 1-0

[Event "?"]
[Site "?"]
[Date "2011.06.02"]
[Round "2.40"]
[White "Bay, Johannes"]
[Black "Issaad, Pascal"]
[Result "1-0"]
[WhiteElo "1650"]
[BlackElo "1540"]
[PlyCount "53"]
[EventDate "2011.??.??"]

1. e4 Nf6 2. Nc3 d5 3. exd5 Nxd5 4. Bc4 Nb6 5. Bb3 Bd7 6. Nf3 Nc6 7. O-O e6 8.
d3 Be7 9. Bf4 a6 10. Ne4 O-O 11. Qd2 Nd5 12. Bg3 b5 13. Rae1 Bb4 14. c3 Ba5 15.
a3 Bb6 16. d4 Nce7 17. Bh4 Rc8 18. Ng3 Qe8 19. Nh5 f6 20. Nf4 Nxf4 21. Qxf4 Ng6
22. Qe3 Nxh4 23. Nxh4 Qh5 24. Bxe6+ Bxe6 25. Qxe6+ Kh8 26. Nf5 Rfe8 27. Qd7 1-0

[Event "?"]
[Site "?"]
[Date "2011.06.02"]
[Round "2.41"]
[White "Kalwei, Reinhard"]
[Black "Gheng, Christian"]
[Result "0-1"]
[WhiteElo "1531"]
[BlackElo "1679"]
[PlyCount "48"]
[EventDate "2011.??.??"]

1. e4 c5 2. Nf3 d6 3. c3 g6 4. d4 cxd4 5. cxd4 Bg7 6. Bc4 e6 7. O-O Ne7 8. Be3
O-O 9. Nc3 Nd7 10. Qd2 Nb6 11. Bb3 d5 12. Bh6 Bxh6 13. Qxh6 Nd7 14. Ng5 Nf6 15.
e5 Nf5 16. Qh3 Nh5 17. Bd1 Qxg5 18. Bxh5 Qxh5 19. Qxh5 gxh5 20. Rad1 Bd7 21.
Ne2 Bb5 22. Rfe1 Rac8 23. Nf4 Rc2 24. Nxh5 Rfc8 0-1

[Event "?"]
[Site "?"]
[Date "2011.06.02"]
[Round "2.42"]
[White "Tsybulevsky, Jury"]
[Black "Balija, Cerim"]
[Result "1-0"]
[WhiteElo "1674"]
[BlackElo "1532"]
[PlyCount "95"]
[EventDate "2011.??.??"]

1. d4 d5 2. c4 Nf6 3. Nf3 e6 4. Nc3 Bb4 5. Bd2 O-O 6. e3 b6 7. Bd3 dxc4 8. Bxc4
Bb7 9. O-O a6 10. Ne5 Bxc3 11. bxc3 Ne4 12. Be1 Qg5 13. f4 Qe7 14. f5 b5 15.
Bb3 Nd7 16. Ng4 Nef6 17. Bh4 exf5 18. Rxf5 Qe4 19. Nxf6+ Nxf6 20. Qf3 Qxf3 21.
gxf3 Bc8 22. Rc5 Ra7 23. e4 Nd7 24. Rg5 h6 25. Rg3 Kh7 26. Rg2 g5 27. Bf2 Nf6
28. d5 Nh5 29. Bxa7 Nf4 30. Rd2 f6 31. Bb8 Rf7 32. d6 Rd7 33. Bxc7 Ng6 34. a4
Ne5 35. Kf2 g4 36. f4 Nf3 37. Rd3 Rg7 38. axb5 axb5 39. Ra8 Bb7 40. Re8 Bc6 41.
Re7 Nxh2 42. Rxg7+ Kxg7 43. d7 Bxd7 44. Rxd7+ Kg6 45. Kg3 Nf1+ 46. Kxg4 h5+ 47.
Kh4 Ne3 48. f5+ 1-0

[Event "?"]
[Site "?"]
[Date "2011.06.02"]
[Round "2.43"]
[White "Trobonjaca, Milos"]
[Black "Giugno, Carmelo"]
[Result "0-1"]
[WhiteElo "1647"]
[BlackElo "1517"]
[PlyCount "72"]
[EventDate "2011.??.??"]

1. d4 Nf6 2. Nc3 g6 3. Bf4 a6 4. e4 d6 5. h3 b5 6. e5 dxe5 7. Bxe5 Bb7 8. Nf3
Nbd7 9. Bg3 Bg7 10. Be2 c5 11. O-O Qa5 12. a3 Rd8 13. Qc1 Qb6 14. Rd1 O-O 15.
dxc5 Nxc5 16. Qe3 b4 17. Na4 Nxa4 18. Qxb6 Nxb6 19. Bc7 Rxd1+ 20. Rxd1 Nfd5 21.
Bxb6 Nxb6 22. axb4 Bxb2 23. Rb1 Bc3 24. Rb3 Rc8 25. b5 a5 26. Bd3 Bd5 27. Rb1
e5 28. Bf1 e4 29. Ne1 f5 30. f3 Bd4+ 31. Kh1 exf3 32. gxf3 Rc3 33. Bd3 a4 34.
Rb4 Bf2 35. Kg2 Bxe1 36. Rb1 Bd2 {Rest unvollstaendig  / falsche Notation} 0-1